Association of Residential Managing Agents (Record no. 120303)

MARC details
000 -LEADER
fixed length control field 00805cad a2200181 4500
001 - CONTROL NUMBER
control field WS122892
008 - FIXED-LENGTH DATA ELEMENTS--GENERAL INFORMATION
fixed length control field 030702n 000 0 eng u
035 ## - SYSTEM CONTROL NUMBER
System control number (Sirsi) u122892
110 ## - MAIN ENTRY--CORPORATE NAME
Corporate name or jurisdiction name as entry element Association of Residential Managing Agents
9 (RLIN) 4485
245 ## - TITLE STATEMENT
Title Association of Residential Managing Agents
Medium [electronic resource]
520 ## - SUMMARY, ETC.
Summary, etc. Web site for this organisation which focuses on matters relating to the block management of residential property whether for landlords or residential management companies. Includes their code of practice and details of publications and events.
650 ## - SUBJECT ADDED ENTRY--TOPICAL TERM
Topical term or geographic name entry element ORGANISATION
650 ## - SUBJECT ADDED ENTRY--TOPICAL TERM
Topical term or geographic name entry element LANDLORDS
650 ## - SUBJECT ADDED ENTRY--TOPICAL TERM
Topical term or geographic name entry element RESIDENTIAL MANAGEMENT COMPANIES
690 ## - LOCAL SUBJECT ADDED ENTRY--TOPICAL TERM (OCLC, RLIN)
Topical term or geographic name as entry element HOUSING
856 40 - ELECTRONIC LOCATION AND ACCESS
Uniform Resource Identifier <a href="https://www.arma.org.uk">https://www.arma.org.uk</a>
Public note View the website free of charge at www.arma.org.uk
942 ## - ADDED ENTRY ELEMENTS (KOHA)
Suppress in OPAC 0
Holdings
Withdrawn status Lost status Source of classification or shelving scheme Damaged status Not for loan Home library Current library Shelving location Date acquired Total Checkouts Full call number Barcode Date last seen Copy number Price effective from Koha item type
    Dewey Decimal Classification     Virtual Virtual Online 02/07/2003   ONLINE PUBLICATION 122892-1001 06/08/2019 1 06/08/2019 Online material